| 000 | 00352nam a2200133Ia 4500 | ||
|---|---|---|---|
| 008 | 130318s9999 xx 000 0 und d | ||
| 020 | _a419171908 | ||
| 082 | _a658.453 KIR/G | ||
| 100 | _aKirkman, John | ||
| 245 | _aGood style: Writing for science and technology | ||
| 260 |
_bSPON Press _aLondon _c2003 |
||
| 300 | _a221 | ||
| 650 | _aWRITTEN COMMUNICATION | ||
| 999 |
_c808 _d808 |
||